| 000 | 00413cam a2200181ua 4500 | ||
|---|---|---|---|
| 020 | _c3.50 | ||
| 041 |
_ahin _h |
||
| 082 |
_a891.54 _bMOP/EK |
||
| 100 | _aMopasang, . | ||
| 245 |
_aEk aurath ki jindagi / _cMopasang. _hTextual Documents |
||
| 250 |
_a1 / _b. |
||
| 260 |
_a : _bRajpal and Sanch , _c1960. |
||
| 300 | _a236 ; . | ||
| 365 | _a3.50 | ||
| 504 | _a | ||
| 942 | _cBK | ||
| 999 |
_c7982 _d7982 |
||